Successors of Sir Syed Ahmad Khan (Record no. 7120)

MARC details
000 -LEADER
fixed length control field 00638nam a2200241 a 4500
020 ## - INTERNATIONAL STANDARD BOOK NUMBER
ISBN
082 00 - DEWEY DECIMAL CLASSIFICATION NUMBER
Classification number 323.39710954
Author Cutter MUH
100 ## - MAIN ENTRY--AUTHOR NAME
Author name Muhammad, Shan
245 ## - TITLE STATEMENT
Title Successors of Sir Syed Ahmad Khan
Sub title Their Role in the Growth of Muslim Polit
260 ## - PUBLICATION, DISTRIBUTION, ETC. (IMPRINT)
Place of publication Delhi
Name of publisher Idara-I-Adabiyat-I-Dilli
Year of publication 1981
300 ## - PHYSICAL DESCRIPTION
Number of Pages 183p
500 ## - GENERAL NOTE
General note includes index and biblioraphy
505 2# - FORMATTED CONTENTS NOTE
Formatted contents note index
650 ## - SUBJECT ADDED ENTRY--TOPICAL TERM
Topical Term Muslims-India-Politics
942 ## - ADDED ENTRY ELEMENTS (KOHA)
Koha item type Books
700 1# -
-- Muhammad, Shan
Holdings
Collection code Home library Current library Date acquired Cost, normal purchase price Full call number Accession Number Koha item type
  Henry Martyn Institute Library Henry Martyn Institute Library 04/10/2007 65.00 323.39710954 MUH 012340 Books
                   Copyright © 2026 | Henry Martyn Institute | Hyderabad | TS-500052 | INDIA | Implemented by hmi.edu.in
Hit-Count:

Powered by Koha